Statistics for Countries With Olympic Medals in Rugby Sevens

Click here to take the quiz!

General Stats

  • This quiz has been taken 61 times
    (37 since last reset)
  • The average score is 7 of 8

Answer Stats

🥇🥈🥉Country% Correct
100Australia
97%
010Great Britain
97%
120New Zealand
94%
010France
88%
001South Africa
79%
201Fiji
76%
001Canada
71%
001Argentina
65%

Score Distribution

Percentile by Number Answered

Percent of People with Each Score

Your Score History

You have not taken this quiz since the last reset